[Event "24th Hoogeveen Open 2021"]
[Site "Hoogeveen"]
[Date "2021.10.19"]
[Round "5.5"]
[White "Van den Berg, Bram"]
[Black "Boersma, Jan"]
[Result "1-0"]
[WhiteElo "2209"]
[BlackElo "2049"]
[Annotator "TA"]
[PlyCount "115"]
[EventDate "2021.10.15"]
[EventType "swiss"]
[EventCountry "NED"]
[SourceTitle "playchess.com"]
[Source "ChessBase"]
[SourceQuality "1"]

{[%evp 9,115,8,16,-8,42,27,33,44,45,50,63,60,62,56,58,72,75,33,44,51,50,48,49,39,90,81,62,30,42,38,38,37,98,74,51,29,97,79,200,195,197,190,185,192,207,198,187,200,184,184,233,233,265,255,230,223,267,289,339,310,345,358,364,342,364,350,568,-1015,568,568,563,555,560,558,565,549,714,508,468,409,672,461,957,758,866,869,879,889,894,879,878,767,886,815,1037,914,2103,1751,2393,1857,12842,12843,12843,12843,12841,3005,2298,1757]} 1. e4 c5 2. b3 g6 3. Bb2 Nf6 4. Nc3 d6 5. Nd5 Bg7 6. Bb5+ {B20: Sicilian: Unusual White 2nd moves.} Bd7 7. Nxf6+ exf6 8. Bxd7+ {White is slightly better.} Qxd7 9. Qf3 {[#]} Nc6 $146 ({Predecessor:} 9... Qe7 10. O-O-O Nc6 11. Ne2 O-O 12. Nf4 f5 13. Bxg7 Kxg7 14. Rhe1 Qe5 15. c3 Rae8 16. exf5 Qxf5 {½-½ (21) Morozevich,A (2676)-Artemiev,V (2692) Sochi 2017}) 10. Bxf6 Nd4 11. Bxd4 cxd4 12. Qd3 O-O 13. Ne2 Rfe8 14. O-O ({Not} 14. Nxd4 $2 Rxe4+ $3 {[%mdl 512]} 15. Qxe4 Re8 $19) 14... Qe7 15. Ng3 ({Much weaker is} 15. Nxd4 Qxe4 16. Qxe4 Rxe4 $15) 15... h5 16. Rae1 h4 (16... Rac8 $14) 17. Nh1 $1 $16 Rac8 18. f3 Rc5 19. f4 Qc7 20. f5 Be5 ({Better is} 20... gxf5 $14 21. exf5 Rxe1 22. Rxe1 Qc8) 21. fxg6 fxg6 22. Nf2 Rf8 (22... Rxc2 $11 {remains equal.} 23. Ng4 Kg7) 23. Ng4 {Strongly threatening Rxf8+.} Rxf1+ (23... Rxc2 $16 {is a better defense.} 24. Nh6+ Kg7 25. Rxf8 Kxf8) 24. Rxf1 $18 Rxc2 25. Nh6+ Kh8 26. Rf8+ Kg7 27. Rf7+ {[%mdl 64] Double Attack} Kxh6 28. Rxc7 Rxc7 {[%mdl 4096] Endgame KQ-KRB} 29. Kf2 Rf7+ 30. Ke2 Rc7 31. Qh3 Kg5 32. Kd3 a6 33. a4 {[%cal Ba2a4,Ba4a5][%mdl 32]} Rh7 34. b4 Rc7 35. a5 Rh7 36. Qc8 Rg7 37. h3 Rh7 $2 (37... Kh6 {keeps fighting.} 38. Qh8+ Kg5) 38. Kc4 $4 {[%mdl 8192] [#]} (38. Qg4+ $18 Kf6 39. Kc4) 38... Kf6 $4 {[%mdl 8192]} (38... Rc7+ $1 $19 {[%mdl 512] and life is good for Black.} 39. Qxc7 d5+ {[%mdl 64] Discovered Attack} 40. Kxd5 Bxc7) 39. Kd5 Re7 40. Qd8 Kf7 41. d3 g5 42. Kc4 Kf6 43. b5 axb5+ 44. Kxb5 Bf4 (44... Kf7 $142 45. Kc4 Bg7 46. Qxd6 Bf6 47. Qd5+ Kg7) 45. Kb6 {Black must now prevent Qf8+.White is clearly winning.} Bd2 (45... Kf7 $142 46. Qxe7+ {[%mdl 64] Remove Defender, Promotion} Kxe7 47. Kxb7 d5) 46. Qh8+ Kf7 47. Qxd4 Bf4 48. Qd5+ Kf8 49. Ka7 Kg7 50. Kb8 Kf6 51. Kc8 Rf7 52. d4 Re7 53. Kd8 {Threatening mate with Qf5+.} Rf7 54. Ke8 {[%csl Ge8][%cal Rd5f7]} Rc7 55. e5+ {[%mdl 64] Double Attack} Kg7 56. exd6 Rc8+ 57. Kd7 (57. Ke7 $142 Bxd6+ 58. Qxd6) 57... Rf8 58. Qxb7 {Weighted Error Value: White=0.35/Black=0.61} 1-0

[Event "24th Hoogeveen Open 2021"]
[Site "Hoogeveen"]
[Date "2021.10.19"]
[Round "5.6"]
[White "Binnendijk, Ferdinand"]
[Black "Hoffman, Ron"]
[Result "1/2-1/2"]
[WhiteElo "2142"]
[BlackElo "1977"]
[Annotator "TA"]
[PlyCount "81"]
[EventDate "2021.10.15"]
[EventType "swiss"]
[EventCountry "NED"]
[SourceTitle "playchess.com"]
[Source "ChessBase"]
[SourceQuality "1"]

{[%evp 15,81,55,43,16,39,14,26,24,30,30,29,6,29,20,34,28,35,32,78,77,85,64,78,80,129,128,139,132,178,180,178,135,141,140,127,15,10,26,22,0,0,0,0,0,0,0,0,0,0,0,0,0,0,0,0,0,0,0,0,0,0,0,0,0,0,0,0,0]} 1. d4 Nf6 2. c4 g6 3. g3 Bg7 4. Bg2 O-O 5. Nc3 d6 6. Nf3 Nc6 7. O-O e5 8. d5 Nb8 $1 {[%mdl 4] is more profitable than 8...Ne7 at the moment.} 9. Ne1 {E62: King's Indian: Fianchetto: 6...c6 and Panno Variation (6...Nc6) without ...a6.} a5 10. Rb1 {[#]} Nh5 $146 ({Predecessor:} 10... Nfd7 11. e4 Nc5 12. b3 f5 13. f3 f4 14. a3 a4 15. Nxa4 Nxa4 16. bxa4 c5 {1-0 (42) Friedel,J (2536)-Libiszewski,F (2523) Rockville 2017}) 11. e4 {White has an edge.} Qe8 12. Nd3 f5 13. f4 (13. a3 {keeps more tension.} f4 14. g4 Nf6 15. f3 Nbd7 16. Qc2) 13... exf4 14. Nxf4 Nxf4 15. Bxf4 Na6 16. Qd2 Bd7 17. Rbe1 Qd8 18. Bg5 Bf6 19. Bh6 {Threatens to win with exf5.} Bg7 20. Bxg7 Kxg7 21. Bh3 Qf6 22. exf5 gxf5 {[#]} 23. Ne4 $1 {[%mdl 512]} Qg6 24. Ng5 Rae8 25. Qf4 ({White should play} 25. Qd4+ $16 Kg8 26. Ne6 Bxe6 27. Rxe6 Rxe6 28. dxe6 Qxe6 {[#]} 29. Bxf5 $1 {[%mdl 512]}) 25... Nc5 $11 26. Qd4+ Kg8 27. Nf3 {The position is equal.} (27. Rxe8 {is interesting.} Qxe8 28. Qh4 Qe7 29. b3 Qg7 30. Re1) 27... Re4 28. Rxe4 fxe4 29. Bxd7 Rxf3 ({Much weaker is} 29... exf3 $6 30. Bg4 $16) 30. Rxf3 exf3 31. Qg4 Nxd7 32. Qxd7 {[%mdl 4096] Endgame KQ-KQ} Qb1+ {[%mdl 64] Double Attack} 33. Kf2 {Hoping for Qd8+.} Qxb2+ 34. Kxf3 {aiming for Qd8+.} Qc3+ {[%mdl 64] Double Attack} 35. Kg2 {Strongly threatening Qd8+.} Qxc4 36. Qd8+ Kg7 (36... Kf7 $5 37. Qd7+ $8 Kf8 38. Qd8+ Kg7 39. Qe7+ Kg8 $11) 37. Qg5+ Kf7 38. Qf5+ {[%mdl 64] Double Attack} Kg7 39. Qg5+ Kf7 40. Qf5+ {[%mdl 64] Double Attack} Kg7 41. Qg5+ {Weighted Error Value: White=0.12/Black=0.07} 1/2-1/2

[Event "24th Hoogeveen Open 2021"]
[Site "Hoogeveen"]
[Date "2021.10.19"]
[Round "5.7"]
[White "Arabi, Osama"]
[Black "Konings, Frans"]
[Result "1-0"]
[WhiteElo "1940"]
[BlackElo "2132"]
[Annotator "TA"]
[PlyCount "47"]
[EventDate "2021.10.15"]
[EventType "swiss"]
[EventCountry "NED"]
[SourceTitle "playchess.com"]
[Source "ChessBase"]
[SourceQuality "1"]

{[%evp 15,47,15,29,2,36,26,31,-29,-29,-22,10,0,0,0,100,108,158,169,170,160,159,166,148,111,110,123,114,118,119,116,147,124,739,709]} 1. d4 e6 2. c4 f5 3. g3 Nf6 4. Bg2 c6 5. Nc3 d5 6. Nf3 Bd6 7. Bf4 Bxf4 8. gxf4 O-O 9. Qc2 {A90: Dutch Defence: Miscellaneous and Modern Stonewall (with ...Bd6).} Ne4 10. e3 Nd7 11. Nxe4 (11. O-O-O $14) 11... fxe4 $11 12. Ng5 {[#]} Qa5+ $146 ({Predecessor:} 12... Nf6 13. f3 h6 14. h4 Qa5+ 15. Kf2 c5 16. fxe4 Ng4+ 17. Kf3 hxg5 18. Kxg4 gxf4 19. exf4 {1-0 (42) Rashkovsky,N (2420)-Bareev,E (2365) Kiev 1986}) 13. Qd2 Qxd2+ 14. Kxd2 Nb6 (14... Nf6 $11) 15. c5 $16 h6 16. Nxe4 $1 ({And not} 16. cxb6 hxg5 17. bxa7 Rxa7 $17) 16... Nc4+ 17. Kc3 e5 18. dxe5 ({Much less strong is} 18. fxe5 $6 Be6 $16) 18... Nxe5 19. fxe5 {[#] Nd6 is the strong threat.} dxe4 20. Bxe4 {Black must now prevent f4.} Rxf2 21. Raf1 Rxf1 22. Rxf1 {Hoping for Bh7+!} Be6 23. Bc2 Rf8 $2 {[%mdl 8192] [#]} (23... Re8 $16) 24. Bh7+ $1 {[%mdl 512] Weighted Error Value: White=0.16/Black=0.32} 1-0

[Event "24th Hoogeveen Open 2021"]
[Site "Hoogeveen"]
[Date "2021.10.21"]
[Round "7.1"]
[White "Arabi, Osama"]
[Black "Bezemer, Arno"]
[Result "1-0"]
[WhiteElo "1940"]
[BlackElo "2283"]
[Annotator "ChessBase"]
[PlyCount "91"]
[EventDate "2021.10.15"]
[EventType "swiss"]
[EventCountry "NED"]
[SourceTitle "playchess.com"]
[Source "ChessBase"]
[SourceQuality "1"]
[TimeControl "40/5400+30:1800+30"]

1. d4 {[%emt 0:00:03]} Nf6 {[%emt 0:00:06]} 2. c4 {[%emt 0:00:05]} c5 {[%emt 0:00:16]} 3. d5 {[%emt 0:00:06]} g6 {[%emt 0:00:06]} 4. Nc3 {[%emt 0:00:14]} Bg7 {[%emt 0:00:05]} 5. e4 {[%emt 0:00:20]} d6 {[%emt 0:00:09]} 6. Nge2 {[%emt 0:01:42]} O-O {[%emt 0:05:00]} 7. Ng3 {[%emt 0:01:24]} e6 {[%emt 0:05:01]} 8. Be2 {[%emt 0:01:24]} exd5 {[%emt 0:00:21]} 9. cxd5 {[%emt 0:00:23]} a6 {[%emt 0:01:42]} 10. a4 {[%emt 0:00:13]} Nbd7 {[%emt 0:00:15]} 11. O-O {[%emt 0:01:41]} Rb8 {[%emt 0:02:23]} 12. Be3 {[%emt 0:06:04]} Re8 {[%emt 0:10:15]} 13. f3 {[%emt 0:03:28]} h5 {[%emt 0:05:07]} 14. Qd2 {[%emt 0:01:17]} h4 {[%emt 0:00:21]} 15. Nh1 {[%emt 0:00:12]} Nh7 {[%emt 0:00:48]} 16. Nf2 {[%emt 0:01:37]} Ndf8 {[%emt 0:01:56]} 17. Rab1 {[%emt 0:14:10]} Qa5 {[%emt 0:08:20]} 18. Rfc1 {[%emt 0:02:56]} Nd7 {[%emt 0:08:29]} 19. b4 {[%emt 0:09:51]} cxb4 {[%emt 0:00:37]} 20. Na2 {[%emt 0:02:04]} Nc5 {[%emt 0:01:20]} 21. Qxb4 {[%emt 0:02:41]} Qd8 {[%emt 0:06:36]} 22. a5 {[%emt 0:03:37]} Bf8 {[%emt 0:12:35]} 23. Nd3 {[%emt 0:10:54]} Nd7 {[%emt 0:00:24]} 24. Nc3 {[%emt 0:00:45]} Nhf6 {[%emt 0:02:20]} 25. Bg5 {[%emt 0:08:48]} Nxd5 {[%emt 0:02:59]} 26. Bxd8 {[%emt 0:02:17]} Nxb4 {[%emt 0:00:09]} 27. Bxh4 {[%emt 0:01:47]} Nxd3 {[%emt 0:00:11]} 28. Bxd3 {[%emt 0:00:08]} Nc5 {[%emt 0:11:33]} 29. Bc4 {[%emt 0:03:05]} Be6 {[%emt 0:01:30]} 30. Nd5 {[%emt 0:00:25]} Bxd5 {[%emt 0:02:16]} 31. Bxd5 {[%emt 0:00:17]} Bh6 {[%emt 0:06:42]} 32. Rd1 {[%emt 0:01:26]} Rec8 {[%emt 0:02:00]} 33. Bg3 {[%emt 0:05:21]} Rd8 {[%emt 0:00:41]} 34. Rb6 {[%emt 0:03:06]} Bf8 {[%emt 0:01:19]} 35. e5 {[%emt 0:02:11]} dxe5 {[%emt 0:01:22]} 36. Bxe5 {[%emt 0:00:54]} Rbc8 {[%emt 0:00:20]} 37. Rxg6+ {[%emt 0:01:32]} Kh7 {[%emt 0:00:02]} 38. Rf6 {[%emt 0:01:13]} Rd7 {[%emt 0:00:13]} 39. Rd4 {[%emt 0:00:20]} Bg7 {[%emt 0:01:02]} 40. Rh4+ {[%emt 0:00:39]} Kg8 {[%emt 0:00:14]} 41. Rg6 {[%emt 0:30:06]} Rxd5 {[%emt 0:30:28]} 42. Rxg7+ {[%emt 0:00:32]} Kf8 {[%emt 0:00:01]} 43. Rh8+ {[%emt 0:00:30]} Ke7 {[%emt 0:00:02]} 44. Rhg8 {[%emt 0:01:16]} Rcd8 45. Rxd8 {[%emt 0:00:31]} Rxe5 {[%emt 0:00:32]} 46. Rc8 {[%emt 0:01:34]} 1-0

[Event "24th Hoogeveen Open 2021"]
[Site "Hoogeveen"]
[Date "2021.10.21"]
[Round "7.2"]
[White "Roobol, Martin"]
[Black "Gutkind, Kedem"]
[Result "1/2-1/2"]
[WhiteElo "2296"]
[BlackElo "2112"]
[Annotator "ChessBase"]
[PlyCount "80"]
[EventDate "2021.10.15"]
[EventType "swiss"]
[EventCountry "NED"]
[SourceTitle "playchess.com"]
[Source "ChessBase"]
[SourceQuality "1"]
[TimeControl "40/5400+30:1800+30"]

1. e4 {[%emt 0:00:03]} c6 {[%emt 0:00:04]} 2. d4 {[%emt 0:03:30]} d5 {[%emt 0:00:17]} 3. e5 {[%emt 0:00:11]} Bf5 {[%emt 0:00:04]} 4. h4 {[%emt 0:01:04]} h6 {[%emt 0:00:05]} 5. Ne2 {[%emt 0:02:28]} e6 {[%emt 0:08:05]} 6. Ng3 {[%emt 0:04:26]} Bh7 {[%emt 0:00:06]} 7. Bd3 {[%emt 0:00:04]} Bxd3 {[%emt 0:00:03]} 8. Qxd3 {[%emt 0:00:04]} c5 {[%emt 0:00:06]} 9. c3 {[%emt 0:02:17]} Nc6 {[%emt 0:03:33]} 10. a3 {[%emt 0:07:18]} Qb6 {[%emt 0:02:10]} 11. Ne2 {[%emt 0:06:32]} Rc8 {[%emt 0:02:20]} 12. Nd2 {[%emt 0:09:54]} cxd4 {[%emt 0:15:15]} 13. cxd4 {[%emt 0:00:08]} h5 {[%emt 0:03:52]} 14. O-O {[%emt 0:06:08]} Nh6 {[%emt 0:03:33]} 15. b4 {[%emt 0:17:14]} Nf5 {[%emt 0:03:01]} 16. Nf3 {[%emt 0:00:09]} Be7 {[%emt 0:06:50]} 17. g3 {[%emt 0:06:07]} O-O {[%emt 0:04:41]} 18. Bg5 {[%emt 0:03:24]} Rfe8 {[%emt 0:00:04]} 19. Rfd1 {[%emt 0:03:59]} Bf8 {[%emt 0:04:46]} 20. Nh2 {[%emt 0:03:13]} Rc7 {[%emt 0:04:20]} 21. g4 {[%emt 0:01:46]} hxg4 {[%emt 0:00:23]} 22. Nxg4 {[%emt 0:00:05]} Rec8 {[%emt 0:06:13]} 23. h5 {[%emt 0:06:17]} Nce7 {[%emt 0:08:04]} 24. Ra2 {[%emt 0:02:40]} a6 {[%emt 0:04:49]} 25. Rad2 {[%emt 0:03:26]} Qb5 {[%emt 0:02:48]} 26. Qh3 {[%emt 0:00:09]} Kh7 {[%emt 0:06:50]} 27. h6 {[%emt 0:05:31]} g6 {[%emt 0:03:23]} 28. Nf6+ {[%emt 0:01:14]} Kh8 {[%emt 0:00:04]} 29. h7 {[%emt 0:00:09]} Bg7 {[%emt 0:00:30]} 30. Ng4 {[%emt 0:00:16]} Qa4 {[%emt 0:02:12]} 31. Bf6 {[%emt 0:00:16]} Rc2 {[%emt 0:04:10]} 32. Ng3 {[%emt 0:02:57]} Rxd2 {[%emt 0:00:37]} 33. Rxd2 {[%emt 0:00:05]} Qxa3 {[%emt 0:00:17]} 34. Kh2 {[%emt 0:03:08]} Qf3 {[%emt 0:01:41]} 35. b5 {[%emt 0:00:50]} axb5 {[%emt 0:00:36]} 36. Rb2 {[%emt 0:00:10]} Qf4 {[%emt 0:01:11]} 37. Rxb5 {[%emt 0:00:49]} Rc7 {[%emt 0:01:11]} 38. Ra5 {[%emt 0:00:06]} Rc8 {[%emt 0:00:07]} 39. Rb5 {[%emt 0:00:20]} Rc7 {[%emt 0:00:05]} 40. Ra5 {[%emt 0:00:16]} Rc8 {[%emt 0:00:25]} 1/2-1/2

[Event "24th Hoogeveen Open 2021"]
[Site "Hoogeveen"]
[Date "2021.10.21"]
[Round "7.3"]
[White "Binnendijk, Ferdinand"]
[Black "Meurs, Tom"]
[Result "0-1"]
[WhiteElo "2142"]
[BlackElo "2217"]
[Annotator "ChessBase"]
[PlyCount "126"]
[EventDate "2021.10.15"]
[EventType "swiss"]
[EventCountry "NED"]
[SourceTitle "playchess.com"]
[Source "ChessBase"]
[SourceQuality "1"]
[TimeControl "40/5400+30:1800+30"]

1. d4 {[%emt 0:00:02]} d5 {[%emt 0:00:07]} 2. c4 {[%emt 0:00:05]} e6 {[%emt 0:00:07]} 3. Nc3 {[%emt 0:00:05]} a6 {[%emt 0:00:04]} 4. Nf3 {[%emt 0:03:00]} dxc4 {[%emt 0:00:20]} 5. a4 {[%emt 0:01:40]} Nc6 {[%emt 0:00:12]} 6. e3 {[%emt 0:02:59]} Na5 {[%emt 0:00:12]} 7. Ne5 {[%emt 0:03:45]} c5 {[%emt 0:00:48]} 8. Nxc4 {[%emt 0:03:17]} Nf6 {[%emt 0:00:10]} 9. Be2 {[%emt 0:08:19]} cxd4 {[%emt 0:00:25]} 10. exd4 {[%emt 0:00:47]} Nxc4 {[%emt 0:00:20]} 11. Bxc4 {[%emt 0:00:03]} Bd6 {[%emt 0:00:07]} 12. Bg5 {[%emt 0:06:21]} h6 {[%emt 0:00:59]} 13. Bh4 {[%emt 0:00:17]} O-O {[%emt 0:00:12]} 14. Qf3 {[%emt 0:11:31]} Be7 {[%emt 0:08:37]} 15. Rd1 {[%emt 0:01:34]} Qc7 {[%emt 0:11:19]} 16. Ba2 {[%emt 0:03:03]} Bd7 {[%emt 0:06:30]} 17. O-O {[%emt 0:06:32]} Bc6 {[%emt 0:00:19]} 18. d5 {[%emt 0:06:44]} exd5 {[%emt 0:08:16]} 19. Rd4 {[%emt 0:03:52]} Rad8 {[%emt 0:03:41]} 20. Qd3 {[%emt 0:07:44]} Rfe8 {[%emt 0:17:29]} 21. Bb1 {[%emt 0:01:51]} g6 {[%emt 0:02:10]} 22. Ba2 {[%emt 0:02:54]} Kg7 {[%emt 0:02:33]} 23. Rd1 {[%emt 0:04:42]} Qe5 {[%emt 0:13:31]} 24. Bg3 {[%emt 0:03:08]} Qe6 {[%emt 0:02:04]} 25. b4 {[%emt 0:01:55]} b6 {[%emt 0:06:02]} 26. h3 {[%emt 0:02:22]} Bb7 {[%emt 0:02:07]} 27. Qd2 {[%emt 0:05:53]} Bd6 {[%emt 0:04:18]} 28. Nxd5 {[%emt 0:02:43]} Bxg3 {[%emt 0:00:41]} 29. Nxf6 {[%emt 0:01:02]} Qxf6 {[%emt 0:00:30]} 30. fxg3 {[%emt 0:01:19]} Rxd4 {[%emt 0:07:59]} 31. Qxd4 {[%emt 0:00:04]} Re1+ {[%emt 0:00:04]} 32. Kh2 {[%emt 0:00:22]} Qxd4 {[%emt 0:01:45]} 33. Rxd4 {[%emt 0:00:05]} Re2 {[%emt 0:00:14]} 34. Bd5 {[%emt 0:00:04]} Bxd5 {[%emt 0:00:21]} 35. Rxd5 {[%emt 0:00:03]} Re4 {[%emt 0:00:04]} 36. a5 {[%emt 0:00:13]} Rxb4 {[%emt 0:00:17]} 37. axb6 {[%emt 0:00:05]} Rxb6 {[%emt 0:00:04]} 38. Rd7 {[%emt 0:00:09]} Rb5 {[%emt 0:02:29]} 39. Ra7 {[%emt 0:00:27]} a5 {[%emt 0:00:11]} 40. g4 {[%emt 0:00:12]} Kf6 {[%emt 0:01:10]} 41. Kg3 {[%emt 0:31:25]} Ke6 {[%emt 0:30:41]} 42. Kh2 {[%emt 0:07:43]} f6 {[%emt 0:00:00]} 43. Kg3 {[%emt 0:00:00]} Kd5 {[%emt 0:00:00]} 44. Ra6 {[%emt 0:00:00]} Kc5 {[%emt 0:00:00]} 45. Kh4 {[%emt 0:00:00]} Kb4 {[%emt 0:00:00]} 46. Rxf6 {[%emt 0:00:00]} a4 {[%emt 0:00:00]} 47. Rxg6 {[%emt 0:00:00]} a3 {[%emt 0:00:00]} 48. Ra6 {[%emt 0:00:00]} Ra5 {[%emt 0:00:00]} 49. Rf6 {[%emt 0:00:00]} a2 {[%emt 0:00:00]} 50. Rf1 {[%emt 0:00:00]} Kc3 {[%emt 0:10:54]} 51. Ra1 {[%emt 0:00:00]} Kb2 {[%emt 0:00:00]} 52. Rxa2+ {[%emt 0:00:00]} Kxa2 {[%emt 0:00:00]} 53. Kg3 {[%emt 0:00:00]} Kb3 {[%emt 0:00:00]} 54. Kf4 {[%emt 0:00:00]} Kc4 {[%emt 0:00:00]} 55. h4 {[%emt 0:00:00]} Kd4 {[%emt 0:00:00]} 56. g5 {[%emt 0:00:00]} hxg5+ {[%emt 0:00:00]} 57. hxg5 {[%emt 0:00:00]} Kd5 {[%emt 0:00:00]} 58. Kf5 {[%emt 0:00:00]} Kd6+ {[%emt 0:00:00]} 59. Kf6 {[%emt 0:00:00]} Kd7 {[%emt 0:00:00]} 60. g6 {[%emt 0:00:00]} Ke8 {[%emt 0:00:00]} 61. Kg7 {[%emt 0:00:00]} Rg5 {[%emt 0:00:00]} 62. Kf6 {[%emt 0:00:00]} Rxg2 {[%emt 0:00:00]} 63. g7 {[%emt 0:00:00]} Rg1 {[%emt 0:00:00]} 0-1

[Event "24th Hoogeveen Open 2021"]
[Site "Hoogeveen"]
[Date "2021.10.21"]
[Round "7.4"]
[White "Van der Hagen, Loek"]
[Black "Hovenga, Alje"]
[Result "0-1"]
[WhiteElo "2010"]
[BlackElo "2212"]
[Annotator "ChessBase"]
[PlyCount "66"]
[EventDate "2021.10.15"]
[EventType "swiss"]
[EventCountry "NED"]
[SourceTitle "playchess.com"]
[Source "ChessBase"]
[SourceQuality "1"]
[TimeControl "40/5400+30:1800+30"]

1. e4 {[%emt 0:00:30]} Nc6 {[%emt 0:00:10]} 2. Nf3 {[%emt 0:00:00]} d6 {[%emt 0:00:12]} 3. Bc4 {[%emt 0:02:40]} Nf6 {[%emt 0:04:41]} 4. d3 {[%emt 0:03:11]} g6 {[%emt 0:04:42]} 5. a3 {[%emt 0:04:24]} Bg7 {[%emt 0:02:29]} 6. Nc3 {[%emt 0:00:09]} O-O {[%emt 0:05:17]} 7. Bg5 {[%emt 0:02:28]} Bg4 {[%emt 0:05:40]} 8. h3 {[%emt 0:07:08]} Bxf3 {[%emt 0:00:51]} 9. gxf3 {[%emt 0:00:06]} Nd4 {[%emt 0:08:48]} 10. Be3 {[%emt 0:08:23]} Nh5 {[%emt 0:06:41]} 11. Nd5 {[%emt 0:13:33]} e6 {[%emt 0:05:35]} 12. Nc3 {[%emt 0:14:39]} c6 {[%emt 0:02:07]} 13. Nb1 {[%emt 0:04:00]} d5 {[%emt 0:03:02]} 14. c3 {[%emt 0:12:08]} dxc4 {[%emt 0:02:55]} 15. dxc4 {[%emt 0:01:31]} e5 {[%emt 0:04:55]} 16. cxd4 {[%emt 0:00:48]} exd4 {[%emt 0:00:10]} 17. Bc1 {[%emt 0:00:46]} f5 {[%emt 0:01:49]} 18. Qd3 {[%emt 0:01:28]} Qh4 {[%emt 0:02:43]} 19. Rh2 {[%emt 0:02:44]} Rae8 {[%emt 0:03:10]} 20. Nd2 {[%emt 0:00:55]} Be5 {[%emt 0:09:26]} 21. Rh1 {[%emt 0:00:38]} c5 {[%emt 0:01:42]} 22. a4 {[%emt 0:01:53]} Nf4 {[%emt 0:03:43]} 23. Qf1 {[%emt 0:01:01]} Ne6 {[%emt 0:03:14]} 24. Ra3 {[%emt 0:01:20]} Bf4 {[%emt 0:02:22]} 25. exf5 {[%emt 0:01:37]} Rxf5 {[%emt 0:01:32]} 26. Kd1 {[%emt 0:00:25]} Ng5 {[%emt 0:02:36]} 27. Qg2 {[%emt 0:01:06]} Bxd2 {[%emt 0:01:49]} 28. Kxd2 {[%emt 0:01:58]} d3 {[%emt 0:01:43]} 29. Rxd3 {[%emt 0:01:23]} Qxc4 {[%emt 0:00:11]} 30. b3 {[%emt 0:01:39]} Nxf3+ {[%emt 0:02:02]} 31. Qxf3 {[%emt 0:01:25]} Qb4+ {[%emt 0:00:06]} 32. Kd1 {[%emt 0:00:52]} Rxf3 {[%emt 0:00:08]} 33. Rxf3 {[%emt 0:00:08]} Qe4 {[%emt 0:00:45]} 0-1

[Event "24th Hoogeveen Open 2021"]
[Site "Hoogeveen"]
[Date "2021.10.21"]
[Round "7.5"]
[White "Van den Berg, Bram"]
[Black "Labruyere, Roger"]
[Result "1/2-1/2"]
[WhiteElo "2209"]
[BlackElo "2009"]
[Annotator "ChessBase"]
[PlyCount "123"]
[EventDate "2021.10.15"]
[EventType "swiss"]
[EventCountry "NED"]
[SourceTitle "playchess.com"]
[Source "ChessBase"]
[SourceQuality "1"]
[TimeControl "40/5400+30:1800+30"]

1. e4 {[%emt 0:00:11]} c6 {[%emt 0:00:04]} 2. d4 {[%emt 0:00:43]} d5 {[%emt 0:00:05]} 3. e5 {[%emt 0:00:03]} Bf5 {[%emt 0:00:07]} 4. h4 {[%emt 0:00:06]} h5 {[%emt 0:00:04]} 5. Bd3 {[%emt 0:00:05]} Bxd3 {[%emt 0:00:12]} 6. Qxd3 {[%emt 0:00:04]} e6 {[%emt 0:00:10]} 7. Be3 {[%emt 0:01:11]} Qa5+ {[%emt 0:00:49]} 8. c3 {[%emt 0:00:23]} Qa6 {[%emt 0:00:05]} 9. Qc2 {[%emt 0:00:43]} Nh6 {[%emt 0:00:34]} 10. f3 {[%emt 0:01:55]} Be7 {[%emt 0:02:11]} 11. Ne2 {[%emt 0:02:34]} Nf5 {[%emt 0:00:46]} 12. Bf2 {[%emt 0:00:06]} Nd7 {[%emt 0:01:15]} 13. b4 {[%emt 0:04:59]} b6 {[%emt 0:03:31]} 14. a4 {[%emt 0:01:12]} c5 {[%emt 0:02:22]} 15. b5 {[%emt 0:11:28]} Qc8 {[%emt 0:00:25]} 16. Qd3 {[%emt 0:02:52]} a6 {[%emt 0:04:26]} 17. Na3 {[%emt 0:04:31]} c4 {[%emt 0:01:16]} 18. Qb1 {[%emt 0:00:28]} Bxa3 {[%emt 0:02:36]} 19. Rxa3 {[%emt 0:00:07]} axb5 {[%emt 0:00:19]} 20. Qxb5 {[%emt 0:00:26]} Ra5 {[%emt 0:01:09]} 21. Qb4 {[%emt 0:14:48]} Qc7 {[%emt 0:11:41]} 22. Nf4 {[%emt 0:12:19]} Qa7 {[%emt 0:22:33]} 23. Ke2 {[%emt 0:04:23]} Qc7 {[%emt 0:07:48]} 24. Kd2 {[%emt 0:04:51]} Qd8 {[%emt 0:03:12]} 25. g4 {[%emt 0:09:30]} hxg4 {[%emt 0:01:04]} 26. fxg4 {[%emt 0:00:59]} Nxh4 {[%emt 0:04:10]} 27. Raa1 {[%emt 0:06:11]} Qg5 {[%emt 0:06:10]} 28. Be3 {[%emt 0:00:15]} Qxg4 {[%emt 0:00:38]} 29. Rag1 {[%emt 0:00:11]} Qf3 {[%emt 0:06:02]} 30. Rh3 {[%emt 0:07:21]} Qe4 {[%emt 0:00:10]} 31. Rxg7 {[%emt 0:00:05]} Nf3+ {[%emt 0:00:48]} 32. Ke2 {[%emt 0:00:49]} Rf8 {[%emt 0:10:48]} 33. Qb2 {[%emt 0:07:39]} Nxd4+ {[%emt 0:03:38]} 34. cxd4 {[%emt 0:00:06]} Rxa4 {[%emt 0:00:03]} 35. Rg1 {[%emt 0:01:03]} b5 {[%emt 0:02:17]} 36. Ra1 {[%emt 0:01:33]} Rxa1 {[%emt 0:01:01]} 37. Qxa1 {[%emt 0:00:04]} Qc2+ {[%emt 0:00:08]} 38. Ke1 {[%emt 0:00:16]} b4 {[%emt 0:01:56]} 39. Qa8+ {[%emt 0:00:28]} Ke7 {[%emt 0:00:01]} 40. Nxd5+ {[%emt 0:00:01]} exd5 {[%emt 0:00:13]} 41. Bg5+ {[%emt 0:30:38]} Ke6 {[%emt 0:07:26]} 42. Qc6+ {[%emt 0:00:00]} Kf5 {[%emt 0:00:07]} 43. Qxd7+ {[%emt 0:00:00]} Kg6 {[%emt 0:00:06]} 44. Qg4 {[%emt 0:00:00]} Qe4+ {[%emt 0:00:28]} 45. Qxe4+ {[%emt 0:00:00]} dxe4 {[%emt 0:00:02]} 46. Be7 {[%emt 0:00:00]} Rb8 {[%emt 0:00:17]} 47. Kd1 {[%emt 0:00:00]} Rb7 {[%emt 0:02:49]} 48. Bc5 {[%emt 0:00:00]} Kf5 {[%emt 0:01:21]} 49. Rh5+ {[%emt 0:00:00]} Kg6 {[%emt 0:01:55]} 50. Rh2 {[%emt 0:00:00]} b3 {[%emt 0:03:39]} 51. Kc1 {[%emt 0:00:00]} c3 {[%emt 0:00:39]} 52. Kb1 {[%emt 0:00:00]} Kf5 {[%emt 0:02:43]} 53. Rh3 {[%emt 0:00:33]} c2+ {[%emt 0:00:24]} 54. Kb2 {[%emt 0:00:08]} Ke6 {[%emt 0:06:58]} 55. Rh1 {[%emt 0:03:45]} Kd5 {[%emt 0:00:52]} 56. Re1 {[%emt 0:01:40]} Rb8 {[%emt 0:02:04]} 57. Kc3 {[%emt 0:00:30]} e3 {[%emt 0:01:29]} 58. Kb2 {[%emt 0:03:57]} Ke4 {[%emt 0:02:25]} 59. d5 {[%emt 0:00:06]} Kxd5 {[%emt 0:01:09]} 60. Bxe3 {[%emt 0:00:06]} Ke6 {[%emt 0:01:17]} 61. Bd4 {[%emt 0:00:24]} Rd8 {[%emt 0:01:46]} 62. Re4 {[%emt 0:00:44]} 1/2-1/2